000 00316nam a2200133 4500
999 _c11483
_d11483
003 OSt
005 20230512192225.0
008 230512b ||||| |||| 00| 0 eng d
020 _a9788173713224
100 _aAndrew Leigh
245 _aPersuasive reports and proposals
260 _aUniversities press
942 _2ddc